Statistics for Most Populous Subdivisions By Country

Click here to take the quiz!

General Stats

  • This quiz has been taken 66 times
  • The average score is 13 of 24

Answer Stats

HintAnswer% Correct
StateUnited StatesCalifornia
100%
StateMexicoMéxico
91%
StateAustraliaNew South Wales
87%
StateBrazilSão Paulo
82%
StateAustriaVienna
80%
RegionItalyLombardy
78%
ProvinceCanadaOntario
76%
ProvinceArgentinaBuenos Aires
75%
RegionChileSantiago
75%
ProvinceTurkeyIstanbul
71%
StateSudanKhartoum
69%
ProvinceSpainMadrid
69%
ProvinceIranTehran
69%
RegionFranceÎle-de-France
67%
RegionSenegalDakar
64%
StateGermanyNorth Rhine-Westphalia
60%
ProvinceChinaGuangdong
44%
ProvinceSouth AfricaGauteng
20%
StateVenezuelaZulia
20%
RegionGhanaAshanti
11%
ProvinceSouth KoreaGyeonggi
11%
RegionPeruPiura
9%
RegionDenmarkHovedstaden
7%
RegionCameroonCentral Cameroon
4%

Score Distribution

Percentile by Number Answered

Percent of People with Each Score

Your Score History

You have not taken this quiz